书目信息 |
| 题名: |
词典和词典编纂的学问
|
|
| 作者: | ;辞书研究编辑部 编 | |
| 分册: | ||
| 出版信息: | 上海 上海辞书出版社 1985 |
|
| 页数: | 329页 | |
| 开本: | 19cm | |
| 丛书名: | 辞书研究丛书 | |
| 单 册: | ||
| 中图分类: | H06 | |
| 科图分类: | ||
| 主题词: | 词典学 | |
| 电子资源: | ||
| ISBN: | ||
| 000 | 00701nam2 2200253 45 | |
| 001 | 0185012968 | |
| 005 | 20040424075522.7 | |
| 010 | @dCNY1.35 | |
| 100 | @a19951021d1985 em y0chiy0121 ea | |
| 101 | 0 | @achi |
| 102 | @aCN@b310000 | |
| 105 | @ay z 000yy | |
| 106 | @ar | |
| 200 | 10 | @a词典和词典编纂的学问@ACi Dian He Ci Dian Bian Zuan De Xue Wen@f辞书研究编辑部编 |
| 210 | @a上海@c上海辞书出版社@d1985 | |
| 215 | @a329页@d19cm | |
| 225 | 2 | @a辞书研究丛书 |
| 410 | 0 | @120010@a辞书研究丛书 |
| 606 | 0 | @a词典学 |
| 690 | @aH06 | |
| 711 | 02 | @a辞书研究编辑部@4编@Aci shu yan jiu bian ji bu |
| 801 | 0 | @aCN@b深圳图书馆@c20040424 |
| 801 | 2 | @aCN@bNLC@c20040424 |
| 905 | @f2@b170295-296@dH06@e55 | |
| 词典和词典编纂的学问/辞书研究编辑部编.-上海:上海辞书出版社,1985 |
| 329页;19cm.-(辞书研究丛书) |
| ISBN :CNY1.35 |
| ● |
| 相关链接 |
|
|
|
|
正题名:词典和词典编纂的学问
索取号:H06/55
 
预约/预借
| 序号 | 登录号 | 条形码 | 馆藏地/架位号 | 状态 | 备注 |
| 1 | 0170295 | 000823354 | 密集书库/ [索取号:H06/55] | 在馆 | |
| 2 | 0170296 | 000823336 | 第四借阅区/ [索取号:H06/55] | 在馆 | |
| 3 | 0170297 | 000823345 | 第二样本阅览室/ [索取号:H06/55] | 在馆 |